New Legislation on Hindu Law (Record no. 20489)

MARC details
000 -LEADER
fixed length control field 00282nam a22001217a 4500
008 - FIXED-LENGTH DATA ELEMENTS--GENERAL INFORMATION
fixed length control field 240120b |||||||| |||| 00| 0 eng d
100 ## - MAIN ENTRY--AUTHOR NAME
Personal name Bare Act EBC
245 ## - TITLE STATEMENT
Title New Legislation on Hindu Law
250 ## - EDITION STATEMENT
Edition statement 39th
260 ## - PUBLICATION, DISTRIBUTION, ETC. (IMPRINT)
Place of publication Lucknow
Name of publisher EBC
Year of publication 2023
300 ## - PHYSICAL DESCRIPTION
Number of Pages 149
942 ## - ADDED ENTRY ELEMENTS (KOHA)
Source of classification or shelving scheme Dewey Decimal Classification
Koha item type Books
Holdings
Accession Number Source of acquisition Price effective from Koha item type Withdrawn / writtenoff status Damaged status Not for loan Permanent Location Current Location Shelving location Date acquired Lost/ Missing status department
LLB 1176 Eastern Book Company, Lucknow 01/20/2024 Books     Not For Loan MIET Library, Jammu MIET Library, Jammu 200/3 12/19/2023   BBA LLB